| 000 | 00738cab a2200253 4500 | ||
|---|---|---|---|
| 001 | WB3111-16 | ||
| 008 | 090401t1995 xxu||||| |||| 00| 0 eng d | ||
| 035 | _a(Sirsi) u29155 | ||
| 041 | _aeng | ||
| 100 | _aRogers, R. | ||
| 245 | _aEquitable cities | ||
| 260 | _c1995 | ||
| 350 | _a0 | ||
| 490 |
_aIndependent _v13 March 1995, 18(2) |
||
| 520 | _aIn the final Reith lecture, Richard Rogers considers the practical steps governments, architects and planners could take to improve the problems of cities. | ||
| 650 | _aCITIES | ||
| 650 | _aREITH LECTURES | ||
| 650 | _aROGERS RICHARD | ||
| 650 |
_aSustainability _96271 |
||
| 650 | _aTRANSPORT ISSUES | ||
| 690 | _aECONOMIC AND SOCIAL | ||
| 942 | _n0 | ||
| 948 | _c04/03/1997 | ||
| 999 |
_c19626 _d19626 |
||